Statistics for The Flash (TV Series 2014-) Characters

Click here to take the quiz!

General Stats

  • This quiz has been taken 17 times
  • The average score is 11 of 19

Answer Stats

#HintCharacterSeason (s)% Correct
2Wife of #1Iris West-Allen1-
100%
10Wally WestKidflash2-6 (so far)
100%
1Barry AllenThe Flash1-
100%
3VibeCisco Ramon1-
93%
6Captain of CCPDJoe West1-
93%
4FrostCaitlin Snow1-
80%
8Newest WellsNash Wells6- (1-)
67%
5Ralph DibnyElongated Man4-
60%
17Ronnie RaymondFirestorm1-3 (so far)
60%
11Nora West-AllenXS4-5 (so far)
60%
16Ex-Boyfriend of #2Eddie Thawne1-3 (so far)
53%
13Ex-Captain of CCPDDavid Singh1-6 (so far)
40%
19Earth 3's heroJay Garrick2-4,6 (so far)
40%
15Blackhole guyChester P. Runk6-
33%
14Played by Tom FeltonJulian Albert3 (so far)
33%
7Girlfriend of #7Cecile Horton1,3-
27%
12Girlfriend of #3Kamilla Hwang5-
20%
18Ex-Girlfriend of #10Jessie Wells2-4 (so far)
13%
9Cousin of UltravioletAllygra Garcia6-
7%

Score Distribution

Percentile by Number Answered

Percent of People with Each Score

Your Score History

You have not taken this quiz